| 000 | 00505nam a2200205 4500 | ||
|---|---|---|---|
| 003 | SEACOMEC | ||
| 005 | 20240328144943.0 | ||
| 008 | 231004b |||||||| |||| 00| 0 eng d | ||
| 020 | _cRs. 495.00 | ||
| 040 | _aSEACOMEC | ||
| 082 |
_a577.01 _bO27 |
||
| 100 | 1 | _aOdum, Eugene P. | |
| 245 | 1 |
_aFundamentals of Ecology _cEugene P. Odum and Gary W. Barrett |
|
| 250 | _a5th Ed | ||
| 260 |
_aSingapore _bThomas _c2005 |
||
| 650 | _aBiology | ||
| 650 | _aEcology | ||
| 700 | 1 | _aBarrett, Gary W. | |
| 942 | _cBOOK | ||
| 999 |
_c54 _d54 |
||